| 000 | 00433nam a2200205Ia 4500 | ||
|---|---|---|---|
| 001 | 004467 | ||
| 003 | YMCAF | ||
| 005 | 20230512160301.0 | ||
| 008 | 100717s1974 ||||||||||||||||| ||und|d | ||
| 024 | _a4467 | ||
| 035 | _a4464 | ||
| 040 |
_aYMCAF _beng _cIN-KoLT |
||
| 041 | _aeng | ||
| 082 | _aMGT-GEO | ||
| 100 | _aGEORGE C.S. | ||
| 245 | 0 | _aMGT. FOR BUSINESS AND HI..... | |
| 260 | _c1974 | ||
| 300 | _a642 | ||
| 942 |
_2ddc _cBK |
||
| 999 |
_c3533 _d3533 |
||